ETHIOPIAYIL ETHIYAPPOL (Record no. 6982)
[ view plain ]
| 000 -LEADER | |
|---|---|
| fixed length control field | 00312nam a22001337a 4500 |
| 082 ## - DEWEY DECIMAL CLASSIFICATION NUMBER | |
| Classification number | 894.812 |
| Item number | MAD/E |
| 100 ## - MAIN ENTRY--AUTHOR NAME | |
| Personal name | MADHU NAIR |
| 245 ## - TITLE STATEMENT | |
| Title | ETHIOPIAYIL ETHIYAPPOL |
| 250 ## - EDITION STATEMENT | |
| Edition statement | FIRST EDITION |
| 260 ## - PUBLICATION, DISTRIBUTION, ETC. (IMPRINT) | |
| Place of publication | TRIVANDRUM |
| Name of publisher | INDIA BOOKS |
| Year of publication | 2016 |
| 300 ## - PHYSICAL DESCRIPTION | |
| Number of Pages | 50 |
| 650 ## - SUBJECT ADDED ENTRY--TOPICAL TERM | |
| Topical Term | MALAYALAM TRAVELOGUE |
| Geographic subdivision | ETHIOPIA |
| 942 ## - ADDED ENTRY ELEMENTS (KOHA) | |
| Koha item type | Books |
| Withdrawn status | Lost status | Collection code | Home library | Current library | Shelving location | Date acquired | Source of acquisition | Cost, normal purchase price | Full call number | Accession Number | Koha item type |
|---|---|---|---|---|---|---|---|---|---|---|---|
| Non-fiction | Main Library | Main Library | NEW SHELF WITH NEW ENTRY | 26/10/2023 | purchase | 100.00 | 894.812 MAD/E | 13157 | Books |